00250nam a2200109Ia 4500008004100000100001200041245003000053260002100083650001200104942000700116999001700123190216s9999||||xx |||||||||||||| ||und|| aSimonov 0aThala Chorine Viswasikamo bBhasha Institute aZoology cBK c38041d38041